Lecturas sobre el régimen jurídico del contrato de trabajo: concepto, elementos y modalidades del contrato de trabajo, salario, poder disciplinario y extención del contrato de trabajo

Uloženo v:
Podrobná bibliografie
Hlavní autor: Gárate Castro, Javier (Autor)
Médium: Kniha
Jazyk:španělština
Vydáno: La Coruña Netbiblo 2008
Vydání:2a. ed
Témata:
Tagy: Přidat tag
Žádné tagy, Buďte první, kdo vytvoří štítek k tomuto záznamu!

MARC

LEADER 00000nam a2200000 a 4500
001 UCH0062
003 CL-VaPUC
008 090108e20080000SP |||||||||||||||||spa|d
020 |a 9788497453585 
082 0 4 |a 344.4601  |b GAR  |2 21 
100 0 |a Gárate Castro, Javier  |e author  |9 534167 
245 1 0 |a Lecturas sobre el régimen jurídico del contrato de trabajo: concepto, elementos y modalidades del contrato de trabajo, salario, poder disciplinario y extención del contrato de trabajo 
250 |a 2a. ed 
300 |a 158 p 
942 |c BK 
945 |d 20090108 00:00:00  |a rbrito 
260 |a La Coruña  |b Netbiblo  |c 2008 
650 7 |a DERECHO LABORAL  |2 CL-VaPUC  |9 15 
650 7 |a CONTRATO DE TRABAJO  |2 CL-VaPUC  |9 534168 
650 7 |a CONTRATOS TEMPORALES  |2 CL-VaPUC  |9 534169 
650 0 |a Salario  |9 379787 
650 0 |a Término del contrato de trabajo  |9 388598 
650 0 |a Trabajadores  |9 260887 
583 |a last modification  |c 20170801 05:49:14  |k Rodrigo Vera 
999 |c 332467  |d 332465 
952 |0 0  |1 0  |4 0  |6 344_460100000000000_GAR_2008  |7 0  |8 A  |9 420184  |a BIBDER  |b BIBDER  |d 2019-11-22  |i 4511824  |o 344.4601 GAR 2008  |p 4511824  |r 2023-01-25  |w 2019-11-22  |y BK  |k DER